• 首页
  • 本馆介绍
  • 公告通知
  • 最新文献
  • 馆藏检索
  • 电子资源
  • 读者导购
  • 参考咨询
  • 我的图书馆
  • 登录
  • 详细信息显示
  • 放入我的书架
  • 预约/预借图书
  • 作者相关作品
  • 分类相关作品
  • 丛书相关作品
  • 出版社相关作品

书目信息

  • 表格格式
  • 工作单格式
  • 卡片格式
题名:
制冷空调设备维修技巧与禁忌
    
 
作者: 何元季 , 刘晓俊 主编
分册:  
出版信息: 北京   机械工业出版社  2007
页数: 293页
开本: 19cm
丛书名:
单 册:
中图分类: TB657.2
科图分类:
主题词: 制冷--机械 , 制冷--设备
电子资源:
ISBN: 7-111-20414-X
000 00650nam0 2200205 450
001 0735592734
005 20070906095312.73
010    @a7-111-20414-X@d¥19.00
100    @a20070906d km y0chiy0120 ea
101 0  @achi
200 1  @a制冷空调设备维修技巧与禁忌@Azhi leng kong diao she bei wei xiu ji qiao yu jin ji@f何元季,刘晓俊主编@Fhe yuan ji,liu xiao jun zhu bian
210    @a北京@c机械工业出版社@d2007
215    @a293页@d19cm
606 0  @a制冷@x机械
606 0  @a制冷@x设备
690    @aTB657.2@v3
701  0 @a何元季@Ahe yuan ji@4主编
701  0 @a刘晓俊@Aliu xiao jun@4主编
801  0 @aCN@bPFT@c20070906
905    @a213230@dTB657.2@ep1@f1
    
    制冷空调设备维修技巧与禁忌/何元季,刘晓俊主编.-北京:机械工业出版社,2007
    293页;19cm
    
    
    ISBN 7-111-20414-X:¥19.00
    
●
相关链接 在E读中查询图书 在五车中查询图书 在当当中查询图书 在豆瓣中查询图书


正题名:制冷空调设备维修技巧与禁忌     索取号:TB657.2/p1         预约/预借

序号 登录号 条形码 馆藏地/架位号 状态 备注
1 7201903   272019022   密集书库-物理学院/ [索取号:TB657.2/p1] 在馆    
2 7201904   272019031   密集书库-物理学院/ [索取号:TB657.2/p1] 在馆    
唐山师范学院图书馆 欢迎您!
大连网信软件有限公司© 版权所有